<?xml version="1.0" encoding="UTF-8"?>
<record
    xmlns:xsi="http://www.w3.org/2001/XMLSchema-instance"
    xsi:schemaLocation="http://www.loc.gov/MARC21/slim http://www.loc.gov/standards/marcxml/schema/MARC21slim.xsd"
    xmlns="http://www.loc.gov/MARC21/slim">

  <leader>01044nam a22002651i 4500</leader>
  <controlfield tag="001">192256</controlfield>
  <controlfield tag="003">SpMaBN</controlfield>
  <controlfield tag="005">20250811104303.0</controlfield>
  <controlfield tag="008">221129q19281936sp a          000 0 spa</controlfield>
  <datafield tag="016" ind1="7" ind2=" ">
    <subfield code="a">bimoBNE19995974421 </subfield>
    <subfield code="z">IND9600735436 [</subfield>
    <subfield code="2">SpMaBN]</subfield>
  </datafield>
  <datafield tag="040" ind1=" " ind2=" ">
    <subfield code="a">SpMaBN </subfield>
    <subfield code="b">spa </subfield>
    <subfield code="c">CDM</subfield>
  </datafield>
  <datafield tag="080" ind1=" " ind2=" ">
    <subfield code="a">7:069.5(460.355 C.)</subfield>
  </datafield>
  <datafield tag="100" ind1="1" ind2=" ">
    <subfield code="a">Quintero Atauri, Pelayo.</subfield>
    <subfield code="9">94723</subfield>
  </datafield>
  <datafield tag="245" ind1="1" ind2="0">
    <subfield code="a">Museo de Bellas Artes de C&#xE1;diz / </subfield>
    <subfield code="c">cuarenta y ocho ilustraciones, con texto de Pelayo Quintero y de Atauri.</subfield>
  </datafield>
  <datafield tag="260" ind1=" " ind2=" ">
    <subfield code="a">Barcelona : </subfield>
    <subfield code="b">H. de J. Thomas, </subfield>
    <subfield code="c">[entre 1928-1936]</subfield>
  </datafield>
  <datafield tag="300" ind1=" " ind2=" ">
    <subfield code="a">28 p., 48 p. de l&#xE1;m. ; </subfield>
    <subfield code="c">15 cm.</subfield>
  </datafield>
  <datafield tag="490" ind1="1" ind2=" ">
    <subfield code="a">El arte en Espa&#xF1;a / Patronato Nacional del Turismo ; </subfield>
    <subfield code="v">27</subfield>
  </datafield>
  <datafield tag="546" ind1=" " ind2=" ">
    <subfield code="a">Texto en espa&#xF1;ol, franc&#xE9;s &#xE9; ingl&#xE9;s.</subfield>
  </datafield>
  <datafield tag="610" ind1="2" ind2="4">
    <subfield code="a">Museo de Bellas Artes de C&#xE1;diz.</subfield>
    <subfield code="9">5845</subfield>
  </datafield>
  <datafield tag="710" ind1="2" ind2=" ">
    <subfield code="a">Patronato Nacional del Turismo (Espa&#xF1;a)</subfield>
    <subfield code="9">6194</subfield>
  </datafield>
  <datafield tag="830" ind1="1" ind2="3">
    <subfield code="a">El arte en Espa&#xF1;a / Patronato Nacional de Turismo</subfield>
    <subfield code="v">27</subfield>
    <subfield code="9">193583</subfield>
  </datafield>
  <datafield tag="852" ind1="4" ind2=" ">
    <subfield code="a">ES-MaACL</subfield>
    <subfield code="j">C-32219(3)</subfield>
  </datafield>
  <datafield tag="999" ind1=" " ind2=" ">
    <subfield code="c">192256</subfield>
    <subfield code="d">192256</subfield>
  </datafield>
  <datafield tag="952" ind1=" " ind2=" ">
    <subfield code="0">0</subfield>
    <subfield code="1">0</subfield>
    <subfield code="4">0</subfield>
    <subfield code="7">0</subfield>
    <subfield code="a">ATENEOM</subfield>
    <subfield code="b">ATENEOM</subfield>
    <subfield code="c">DEPO2</subfield>
    <subfield code="d">2022-11-29</subfield>
    <subfield code="l">0</subfield>
    <subfield code="o">C-32219(3)</subfield>
    <subfield code="p">1204805</subfield>
    <subfield code="r">2023-02-23 00:00:00</subfield>
    <subfield code="w">2023-02-23</subfield>
    <subfield code="y">MONOGRAFIA</subfield>
  </datafield>
</record>
